| 000 | 00494nam a2200205Ia 4500 | ||
|---|---|---|---|
| 003 | OSt | ||
| 005 | 20251219114012.0 | ||
| 008 | 250729s2005 xx 000 0 und d | ||
| 020 | _a978-8175820425 | ||
| 040 | _cAL | ||
| 041 | _aeng | ||
| 082 | _a574.2 JAYC | ||
| 100 |
_aJayanthi A Sunita _9227272 |
||
| 245 | _aChildren's reference-the human body | ||
| 260 |
_aNew Delhi _c2005 |
||
| 300 | _a48p | ||
| 650 |
_aBiology _9227273 |
||
| 700 |
_aRao Digumurthi _9227274 |
||
| 942 |
_2ddc _cBED |
||
| 999 |
_c237594 _d237594 |
||